MARC-detaljer
| 000 -LEADER |
| fixed length control field |
04907cim a2201021 a 4500 |
| 001 - CONTROL NUMBER |
| control field |
12138760 |
| 003 - CONTROL NUMBER IDENTIFIER |
| control field |
LIBRIS |
| 005 - DATE AND TIME OF LATEST TRANSACTION |
| control field |
20210601130808.0 |
| 007 - PHYSICAL DESCRIPTION FIXED FIELD--GENERAL INFORMATION |
| fixed length control field |
sd |||||||m||| |
| 008 - FIXED-LENGTH DATA ELEMENTS--GENERAL INFORMATION |
| fixed length control field |
110409s2011 sw nn||||||||||f | swe| |
| 020 ## - INTERNATIONAL STANDARD BOOK NUMBER |
| International Standard Book Number |
9789164222206 |
| 028 01 - PUBLISHER OR DISTRIBUTOR NUMBER |
| Publisher or distributor number |
PirCD 116 : |
| Source |
Piratförlaget audio |
| 035 ## - SYSTEM CONTROL NUMBER |
| System control number |
AVM002754193 |
| 035 ## - SYSTEM CONTROL NUMBER |
| System control number |
(Bo)477109 |
| 035 ## - SYSTEM CONTROL NUMBER |
| System control number |
AVM002754193 |
| 040 ## - CATALOGING SOURCE |
| Original cataloging agency |
S |
| Description conventions |
a |
| 041 ## - LANGUAGE CODE |
| Language code of text/sound track or separate title |
swe |
| 082 04 - DEWEY DECIMAL CLASSIFICATION NUMBER |
| Classification number |
839.73 |
| Edition number |
22 (machine generated) |
| 084 ## - OTHER CLASSIFICATION NUMBER |
| Classification number |
Hc.01/LC |
| Number source |
kssb/8 |
| 084 ## - OTHER CLASSIFICATION NUMBER |
| Classification number |
Hc.01 |
| Number source |
kssb/8 |
| 100 1# - MAIN ENTRY--PERSONAL NAME |
| Personal name |
Guillou, Jan, |
| Dates associated with a name |
1944- |
| Relationship |
aut |
| Authority record control number or standard number |
https://libris.kb.se/75kmmqlr2dzsqk5#it |
| 245 10 - TITLE STATEMENT |
| Title |
Brobyggarna |
| Medium |
[Ljudupptagning] / |
| Statement of responsibility, etc. |
Jan Guillou. |
| 264 #1 - PRODUCTION, PUBLICATION, DISTRIBUTION, MANUFACTURE, AND COPYRIGHT NOTICE |
| Place of production, publication, distribution, manufacture |
Stockholm : |
| Name of producer, publisher, distributor, manufacturer |
Piratförlaget, |
| Date of production, publication, distribution, manufacture, or copyright notice |
cop. 2011 |
| 300 ## - PHYSICAL DESCRIPTION |
| Extent |
19 CD (24 tim.) |
| Other physical details |
stereo |
| 500 ## - GENERAL NOTE |
| General note |
Ljudbok CD (CD-audio) |
| 500 ## - GENERAL NOTE |
| General note |
Originalupplaga för boken 2011 |
| 500 ## - GENERAL NOTE |
| General note |
Serie/fortsättningsarbete: 1. Brobyggarna -- 2. Dandy -- 3. Mellan rött och svart -- 4. Att inte vilja se -- 5. Blå stjärnan -- 6. Äkta amerikanska jeans -- 7.1968 |
| 541 ## - IMMEDIATE SOURCE OF ACQUISITION NOTE |
| Institution to which field applies |
S |
| 655 #7 - INDEX TERM--GENRE/FORM |
| Genre/form data or focus term |
Ljudböcker |
| Authority record control number or standard number |
https://id.kb.se/term/saogf/Ljudb%C3%B6cker |
| Source of term |
saogf |
| 700 1# - ADDED ENTRY--PERSONAL NAME |
| Personal name |
Bolme, Tomas, |
| Dates associated with a name |
1945- |
| Relationship |
nrt |
| Authority record control number or standard number |
https://libris.kb.se/sq47gkrb4423k6s#it |
| 856 42 - ELECTRONIC LOCATION AND ACCESS |
| Uniform Resource Identifier |
<a href="http://smdb.kb.se/resource/id/002754193">http://smdb.kb.se/resource/id/002754193</a> |
| Public note |
Svensk mediedatabas |
| 887 ## - NON-MARC INFORMATION FIELD |
| Content of non-MARC field |
{"@id":"0jbczwtb0jxxfdr","modified":"2017-10-06T12:08:06+02:00","checksum":"172109225720"} |
| Source of data |
librisxl |
| 887 ## - NON-MARC INFORMATION FIELD |
| Content of non-MARC field |
{"@id":"7ck7clld4896115","modified":"2014-08-25T11:22:21+02:00","checksum":"173764745164"} |
| Source of data |
librisxl |
| 887 ## - NON-MARC INFORMATION FIELD |
| Content of non-MARC field |
{"@id":"7clh7bcd32kfpb9","modified":"2016-01-25T11:41:49+01:00","checksum":"164589189245"} |
| Source of data |
librisxl |
| 887 ## - NON-MARC INFORMATION FIELD |
| Content of non-MARC field |
{"@id":"lqxk0qxr5q7zd3q","modified":"2014-04-01T11:51:40+02:00","checksum":"153874754878"} |
| Source of data |
librisxl |
| 887 ## - NON-MARC INFORMATION FIELD |
| Content of non-MARC field |
{"@id":"hmtcm78n1wm0xp8","modified":"2013-10-30T18:09:15+01:00","checksum":"144041132456"} |
| Source of data |
librisxl |
| 887 ## - NON-MARC INFORMATION FIELD |
| Content of non-MARC field |
{"@id":"6bjt5hfc4wb2rlh","modified":"2011-09-21T08:37:51+02:00","checksum":"171120786568"} |
| Source of data |
librisxl |
| 887 ## - NON-MARC INFORMATION FIELD |
| Content of non-MARC field |
{"@id":"rw476plx437l158","modified":"2016-11-07T18:31:48+01:00","checksum":"157482196085"} |
| Source of data |
librisxl |
| 887 ## - NON-MARC INFORMATION FIELD |
| Content of non-MARC field |
{"@id":"bgn64dqh29lbnqb","modified":"2013-09-19T10:40:27+02:00","checksum":"156855536245"} |
| Source of data |
librisxl |
| 887 ## - NON-MARC INFORMATION FIELD |
| Content of non-MARC field |
{"@id":"gltm5krm2166d03","modified":"2015-06-22T11:05:45+02:00","checksum":"157087851897"} |
| Source of data |
librisxl |
| 887 ## - NON-MARC INFORMATION FIELD |
| Content of non-MARC field |
{"@id":"1d80mlqvz8v1hjd9","modified":"2020-10-19T14:53:54.544+02:00","checksum":"171564663485"} |
| Source of data |
librisxl |
| 887 ## - NON-MARC INFORMATION FIELD |
| Content of non-MARC field |
{"@id":"48grv0v914px0br","modified":"2012-06-27T09:09:44+02:00","checksum":"171336055286"} |
| Source of data |
librisxl |
| 887 ## - NON-MARC INFORMATION FIELD |
| Content of non-MARC field |
{"@id":"26f7g5x70kqkk8n","modified":"2015-05-25T19:01:32+02:00","checksum":"156999996989"} |
| Source of data |
librisxl |
| 887 ## - NON-MARC INFORMATION FIELD |
| Content of non-MARC field |
{"@id":"kpw7m83q3074w74","modified":"2011-12-12T13:36:40+01:00","checksum":"144552734852"} |
| Source of data |
librisxl |
| 887 ## - NON-MARC INFORMATION FIELD |
| Content of non-MARC field |
{"@id":"bgn0s6qh1k45142","modified":"2011-10-21T13:18:27+02:00","checksum":"156200867541"} |
| Source of data |
librisxl |
| 887 ## - NON-MARC INFORMATION FIELD |
| Content of non-MARC field |
{"@id":"qv2vfnfw49gqr9t","modified":"2015-03-24T08:17:36+01:00","checksum":"161272976753"} |
| Source of data |
librisxl |
| 900 1s - EQUIVALENCE OR CROSS-REFERENCE-PERSONAL NAME [LOCAL, CANADA] |
| Linkage |
100 |
| Dates associated with a name |
1944- |
| Affiliation |
Guillou, Jan, |
| Dates associated with a name |
1944- |
| 900 1s - EQUIVALENCE OR CROSS-REFERENCE-PERSONAL NAME [LOCAL, CANADA] |
| Linkage |
100 |
| Dates associated with a name |
1944- |
| Affiliation |
Guillou, Jan, |
| Dates associated with a name |
1944- |
| 900 1s - EQUIVALENCE OR CROSS-REFERENCE-PERSONAL NAME [LOCAL, CANADA] |
| Linkage |
100 |
| Dates associated with a name |
1944- |
| Affiliation |
Guillou, Jan, |
| Dates associated with a name |
1944- |
| 900 1s - EQUIVALENCE OR CROSS-REFERENCE-PERSONAL NAME [LOCAL, CANADA] |
| Linkage |
100 |
| Dates associated with a name |
1944- |
| Affiliation |
Guillou, Jan, |
| Dates associated with a name |
1944- |
| 900 1s - EQUIVALENCE OR CROSS-REFERENCE-PERSONAL NAME [LOCAL, CANADA] |
| Linkage |
100 |
| Dates associated with a name |
1944- |
| Affiliation |
Guillou, Jan, |
| Dates associated with a name |
1944- |
| 900 1s - EQUIVALENCE OR CROSS-REFERENCE-PERSONAL NAME [LOCAL, CANADA] |
| Linkage |
100 |
| Dates associated with a name |
1944- |
| Affiliation |
Guillou, Jan, |
| Dates associated with a name |
1944- |
| 900 1s - EQUIVALENCE OR CROSS-REFERENCE-PERSONAL NAME [LOCAL, CANADA] |
| Linkage |
100 |
| Dates associated with a name |
1944- |
| Affiliation |
Guillou, Jan, |
| Dates associated with a name |
1944- |
| 942 ## - ADDED ENTRY ELEMENTS (KOHA) |
| Source of classification or shelving scheme |
Other/Generic Classification Scheme |
| Koha item type |
Ljudbok |